000 00551nam a2200217Ia 4500
001 55520
008 170919n ii |||gr||||Z||||||465
020 _a8183850162
041 _a465
082 _a297
245 0 _aIslam :
_bDevotion to Allah /
_cAzra Kidwai .
_hTextual Documents
250 _aIst ed.
260 _aNoida:
_bBrijbasi Art Press Ltd,
_c2006.
300 _a160pg:
_c27cm.
500 _a877/G/Ref
653 _aReference section
653 _aIslam
653 _aReligion
700 _aKidwai, Azra.,
_eAuthor.,
942 _2ddc
_cBK
999 _c55451
_d55451